[Event "Oz.com qual blitz"]
[Site "ICC INT"]
[Date "2000.03.05"]
[Round "4"]
[White "Teuton, L Frank"]
[Black "Skovgaard, Peter Nicolai"]
[Result "1-0"]
[WhiteElo "2225"]
[BlackElo "2130"]
[PlyCount "123"]
[EventDate "2000.03.05"]
[EventType "swiss (blitz)"]
[EventRounds "9"]
[EventCountry "USA"]
[SourceTitle "EXT 2001"]
[Source "ChessBase"]
[SourceDate "2000.11.22"]
[SourceVersion "1"]
[SourceVersionDate "2000.11.22"]
[SourceQuality "1"]

1. e4 d6 2. Nc3 Nf6 3. d4 g6 4. Bg5 c6 5. Qd2 b5 6. Bd3 h6 7. Bxf6 exf6 8. f4 a5 9. Nf3 b4 10. Nd1 Ba6 11. 0-0 Bg7 12. Ne3 0-0 13. f5 g5 14. c4 Re8 15. g4 c5 16. Nd5 Nc6 17. dxc5 dxc5 18. Rfe1 Ne5 19. Nxe5 Rxe5 20. Rad1 a4 21. Qf2 Bf8 22. h4 Rxd5 23. exd5 Bd6 24. hxg5 hxg5 25. Kg2 Kg7 26. Rh1 Be5 27. Rh3 Rc8 28. Rdh1 Qc7 29. Rh7+ Kf8 30. Qf3 Ke7 31. Rxf7+ Kxf7 32. Rh7+ Ke8 33. Rxc7 Rxc7 34. d6 Bxd6 35. Qa8+ Bc8 36. Be4 Kd8 37. Qxa4 Bb7 38. Bxb7 Rxb7 39. Qa8+ Kc7 40. a4 bxa3 41. bxa3 Rb2+ 42. Kf3 Rb3+ 43. Ke4 Rg3 44. Kd5 Bf4 45. Qc6+ Kb8 46. Qb6+ Kc8 47. Qe6+ Kb8 48. Qxf6 Rxg4 49. Qb6+ Kc8 50. Qxc5+ Kd8 51. Qb6+ Bc7 52. Qf6+ Kd7 53. c5 Rg1 54. c6+ Kc8 55. Qf8+ Bd8 56. Qf7 Rd1+ 57. Kc4 Rc1+ 58. Kb5 Rb1+ 59. Ka4 Bc7 60. Qe8+ Bd8 61. Qd7+ Kb8 62. Qxd8+ 1-0

[Event "Montreal op"]
[Site "Montreal"]
[Date "1996.??.??"]
[Round "4"]
[White "Hergott, Deen"]
[Black "Teuton, L Frank"]
[Result "1/2-1/2"]
[WhiteElo "2485"]
[BlackElo "2245"]
[PlyCount "81"]
[EventDate "1996.??.??"]
[EventType "swiss"]
[EventRounds "9"]
[EventCountry "CAN"]
[SourceTitle "EXT 1999"]
[Source "ChessBase"]
[SourceDate "1998.11.16"]
[SourceVersion "1"]
[SourceVersionDate "1998.11.16"]
[SourceQuality "1"]

1. Nf3 f5 2. d4 Nf6 3. h3 e6 4. Bf4 Be7 5. e3 0-0 6. Bd3 d5 7. Nbd2 Ne4 8. Ne5 c5 9. c3 Nc6 10. Bxe4 fxe4 11. 0-0 cxd4 12. Nxc6 bxc6 13. cxd4 Ba6 14. Re1 c5 15. Nb3 cxd4 16. Nxd4 Qb6 17. Rc1 Rac8 18. Qg4 Rf6 19. Rxc8+ Bxc8 20. Rc1 Bd7 21. Rc7 Rxf4 22. Qxf4 Bd6 23. Rb7 Bxf4 24. Rxb6 Bh2+ 25. Kxh2 axb6 26. f4 exf3 27. Nxf3 Kf8 28. Kg3 Ke7 29. h4 Bb5 30. Kf4 Kd6 31. Ne5 Bc4 32. b3 Be2 33. g4 b5 34. b4 Bc4 35. a3 Be2 36. g5 Bh5 37. Nd3 Be2 38. Ne5 Bd1 39. Nf7+ Ke7 40. Ne5 Kd6 41. Nf7+ 1/2-1/2

[Event "Monadnock Marathon 18th"]
[Site "Jaffrey"]
[Date "1995.10.28"]
[Round "2"]
[White "Teuton, L Frank"]
[Black "Bennett, Allan"]
[Result "1/2-1/2"]
[WhiteElo "2229"]
[BlackElo "2342"]
[PlyCount "86"]
[EventDate "1995.10.??"]
[EventType "swiss"]
[EventRounds "12"]
[EventCountry "USA"]
[SourceTitle "EXT 2005"]
[Source "ChessBase"]
[SourceDate "2004.11.15"]
[SourceVersion "1"]
[SourceVersionDate "2004.11.15"]
[SourceQuality "1"]

1. e4 c6 2. d4 g6 3. c4 d5 4. exd5 cxd5 5. Nc3 Nf6 6. Qb3 Bg7 7. cxd5 0-0 8. Be2 b6 9. Bf3 Bb7 10. Be3 Na6 11. d6 Bxf3 12. dxe7 Qxe7 13. Nxf3 Ng4 14. 0-0 Nxe3 15. Rfe1 Qb4 16. Rxe3 Qxb3 17. axb3 Nb4 18. Re7 Rfe8 19. Rxe8+ Rxe8 20. g3 Rd8 21. Rxa7 Nc6 22. Rb7 Nxd4 23. Ng5 f6 24. Nge4 Re8 25. Nd6 Re6 26. Rxb6 Nxb3 27. Rb8+ Bf8 28. Nde4 Nd4 29. Nd5 f5 30. Nef6+ Kg7 31. Rb7+ Be7 32. Nxh7 Kxh7 33. Rxe7+ Rxe7 34. Nxe7 Kg7 35. Nd5 Kf7 36. h4 g5 37. hxg5 Nf3+ 38. Kf1 Nxg5 39. Ke2 Ke6 40. Nf4+ Ke5 41. Ke3 Ne4 42. Nd3+ Kd5 43. g4 fxg4 1/2-1/2

[Event "Montreal-ch"]
[Site "Montreal"]
[Date "1993.09.05"]
[Round "3"]
[White "Teuton, L Frank"]
[Black "Reeve, Jeff"]
[Result "0-1"]
[WhiteElo "2167"]
[BlackElo "2300"]
[PlyCount "56"]
[EventDate "1993.09.04"]
[EventType "swiss"]
[EventRounds "5"]
[EventCountry "CAN"]
[SourceTitle "EXT 2022"]
[Source "ChessBase"]
[SourceDate "2021.10.06"]
[SourceVersion "1"]
[SourceVersionDate "2021.10.06"]
[SourceQuality "1"]

1. e4 c5 2. Nf3 d6 3. Bb5+ Bd7 4. Bxd7+ Nxd7 5. d4 cxd4 6. Qxd4 Ngf6 7. 0-0 g6 8. c4 Bg7 9. Nc3 0-0 10. Bg5 a6 11. Rad1 Qa5 12. Rfe1 Rac8 13. e5 Nxe5 14. Nxe5 dxe5 15. Rxe5 Qb4 16. a3 Qxb2 17. Bc1 Qb3 18. c5 Nd7 19. Qxd7 Bxe5 20. Ne4 Rcd8 21. Qxd8 Rxd8 22. Rxd8+ Kg7 23. f3 Qb1 24. Rd1 Qc2 25. Re1 f5 26. Ng5 Bd4+ 27. Kh1 Qf2 28. Rd1 Qe2 0-1

[Event "Quebec-ch Amateur"]
[Site "Montreal"]
[Date "1992.10.09"]
[Round "1"]
[White "Teuton, L Frank"]
[Black "Bolduc, Steve"]
[Result "0-1"]
[WhiteElo "2166"]
[BlackElo "2009"]
[PlyCount "68"]
[EventDate "1992.10.09"]
[EventType "swiss"]
[EventRounds "5"]
[EventCountry "CAN"]
[SourceTitle "EXT 2022"]
[Source "ChessBase"]
[SourceDate "2021.10.06"]
[SourceVersion "1"]
[SourceVersionDate "2021.10.06"]
[SourceQuality "1"]

1. e4 c6 2. Nc3 d5 3. Nf3 Bg4 4. h3 Bh5 5. exd5 cxd5 6. g4 Bg6 7. Ne5 Nc6 8. Bb5 Rc8 9. d4 e6 10. h4 f6 11. Nxg6 hxg6 12. Qe2 Kf7 13. Be3 Bb4 14. Kf1 Nge7 15. Kg2 Qd6 16. f4 Bxc3 17. bxc3 Na5 18. Bd2 Nc4 19. Bc1 a6 20. Ba4 Nb6 21. Bb3 Rxc3 22. a4 Rc7 23. Rh3 f5 24. g5 Qb4 25. Qd1 Nc4 26. h5 gxh5 27. Rxh5 Rcc8 28. Qh1 Ng6 29. Qh3 Rxh5 30. Qxh5 Rh8 31. Qe2 Qc3 32. Rb1 Qh3+ 33. Kf2 Qh4+ 34. Kf3 Qg4+ 0-1

[Event "Quebec-ch Amateur"]
[Site "Montreal"]
[Date "1989.05.21"]
[Round "5"]
[White "Cossette, Daniel"]
[Black "Teuton, L Frank"]
[Result "0-1"]
[WhiteElo "1867"]
[BlackElo "1864"]
[PlyCount "82"]
[EventDate "1989.05.19"]
[EventType "swiss"]
[EventRounds "5"]
[EventCountry "CAN"]
[SourceTitle "EXT 2022"]
[Source "ChessBase"]
[SourceDate "2021.10.06"]
[SourceVersion "1"]
[SourceVersionDate "2021.10.06"]
[SourceQuality "1"]

1. d4 Nf6 2. c4 c5 3. d5 b5 4. a4 bxc4 5. Nc3 d6 6. e4 g6 7. Bxc4 Bg7 8. f4 0-0 9. Nf3 Qa5 10. 0-0 Qb4 11. Qe2 Nbd7 12. Bd2 Nb6 13. Bb5 Bd7 14. Rfe1 Bxb5 15. axb5 Qc4 16. Qd1 Ng4 17. e5 Nxd5 18. h3 Nxc3 19. Bxc3 Nh6 20. exd6 Bxc3 21. bxc3 exd6 22. Qxd6 Qxb5 23. Re5 Qb2 24. Rae1 Qxc3 25. Rxc5 Qb4 26. Rec1 Nf5 27. Qf6 Qxf4 28. Rc7 Rae8 29. R1c4 Re4 30. Rxf7 Qe3+ 31. Kh2 Rxf7 32. Qxf7+ Kxf7 33. Rxe4 Qb6 34. Ng5+ Kf6 35. Nxh7+ Kg7 36. Ng5 Qc7+ 37. g3 Qxg3+ 38. Kh1 Qxg5 39. h4 Nxh4 40. Re2 Nf3 41. Re7+ Qxe7 0-1